| 000 | 00333 a2200109 4500 | ||
|---|---|---|---|
| 020 | _a9780070648371 | ||
| 082 | _a604.2 JOL | ||
| 100 | _aJolhe, Dhananjay A | ||
| 245 |
_aEngineering Drawing with an Introduction to AutoCAD _cDhananjay A Jolhe |
||
| 260 |
_aNew Delhi : _bMcGraw Hill, _c2008 |
||
| 300 |
_aVarious pages _bill . ; _c25cm |
||
| 650 | _aEngineering Drawing | ||
| 999 |
_c712 _d712 |
||